000 00745cam a2200229 a 4500
001 000018735
005 20200929165841.0
008 840120s1966 sp 000 f spa d
035 _a(DLC) 68051557
040 _aDO-SdBNP
_cCarP
_dDLC
_dBNPHU
082 _a843.914
_bA888m
100 1 _aAub, Max,
_d1903-1972.
_913819
245 1 0 _aMis páginas mejores /
_cMax Aub.
260 _aMadrid :
_bGredos,
_c1966.
300 _a278 p. ;
_c20 cm.
490 1 _aBiblioteca románica hispánica
_aAntología hispánica
_v6
650 4 _aN0vela francesa
_940433
650 4 _aLiteratura francesa
_ySIGLO XX
_94232
830 0 _aBiblioteca románica hispánica ;
_pAntología hispánica
_v6
_939102
910 _aCatalogación derivada / LC
049 _aBNGR
999 _c18255
_d18255